00761nam a2200205Ia 4500008004100000020001500041082001700056100001300073245004200086250000800128260002800136300000800164500002400172650001600196942000700212952010600219952010600325952010700431999001700538230524s9999 xx 000 0 und d a8174090665 a621.382bSAR aN.Sarkar 0aElements of Digital Signal Processing a2ND aNEW DELHIbKhannac2001 a775 aQuantity Number: 3 aElectronics cBK 00104070aTATCLbTATCLcGENd2023-05-24l0o621.382 SARp6001r2023-05-24w2023-05-24yBKzPCEE4204 00104070aTATCLbTATCLcGENd2023-05-24l0o621.382 SARp6002r2023-05-24w2023-05-24yBKzPCEE4204 00104070aTATCLbTATCLcGENd2023-05-24l0o621.382 SARp15516r2023-05-24w2023-05-24yBKzPCEE4204 c10248d10248